ՀՀ Գիտությունների ազգային ակադեմիայի հիմնարար գիտական գրադարան  =   Fundamental Scientific Library of NAS RA

Գանձարան հայկական երգերու : (Record no. 504901)

MARC details
000 -LEADER
fixed length control field 01082nam a2200217 a 4500
003 - CONTROL NUMBER IDENTIFIER
control field AM-YeHGA
040 ## - CATALOGING SOURCE
Original cataloging agency AM-YeHGA
090 ## - LOCALLY ASSIGNED LC-TYPE CALL NUMBER (OCLC); LOCAL CALL NUMBER (RLIN)
-- 508321
001 - CONTROL NUMBER
control field 000018433
005 - DATE AND TIME OF LATEST TRANSACTION
control field 20250617163332.0
008 - FIXED-LENGTH DATA ELEMENTS--GENERAL INFORMATION
fixed length control field 030329s |||g||||||||||||||||arm|c
041 #0 - LANGUAGE CODE
Language code of text/sound track or separate title arm
245 00 - TITLE STATEMENT
Title Գանձարան հայկական երգերու :
Remainder of title Ձայնագրուած և պատկերազարդ ։ Կը բովանդակէ Ազգային... յեղափոխական... Ժողովրդական... Սիրային... կրօնական... Դպրոցական... Հայաստանեան... բոլոր երգերը /
Statement of responsibility, etc. Ներածություն՝ Եր. Մսրլեան.
260 ## - PUBLICATION, DISTRIBUTION, ETC.
Place of publication, distribution, etc. Գահիրէ :
Name of publisher, distributor, etc. <<Ոսկետառ>>,
Date of publication, distribution, etc. Ա. թ.
300 ## - PHYSICAL DESCRIPTION
Extent պրակ.
440 #0 - SERIES STATEMENT/ADDED ENTRY--TITLE
Title Ոսկետառ
Volume/sequential designation Թիւ 6
505 10 - FORMATTED CONTENTS NOTE
Miscellaneous information Գիրք Ա (128 էջ)
-- Գիրք Բ (131 - 248 էջ)
-- Գիրք Գ (249 - 368,viii էջ)
-- Գիրք Դ (369 - 488 էջ)
-- Գիրք Ե (489 - 608 էջ)
-- Գիրք Զ (609 - 728էջ)
650 14 - SUBJECT ADDED ENTRY--TOPICAL TERM
Topical term or geographic name entry element Երաժշտություն
Form subdivision երգեր
700 1# - ADDED ENTRY--PERSONAL NAME
Personal name Մսրլեան, Եր.
Relator term ներած.
Relationship aui
942 ## - ADDED ENTRY ELEMENTS (KOHA)
Source of classification or shelving scheme Universal Decimal Classification
Koha item type Գրքեր / Books
Holdings
Withdrawn status Lost status Source of classification or shelving scheme Damaged status Not for loan Collection Home library Current library Date acquired Serial enumeration / chronology Total checkouts Full call number Barcode Date last seen Price effective from Koha item type Public note
    Universal Decimal Classification     Alpoiajian Individual Collection Fundamental Scientific Library Fundamental Scientific Library 14/01/2020 Ա   Ալպ/4135 FL0612834 14/01/2020 14/01/2020 Գրքեր / Books ILL Non-Circ


ՀՀ ԳԱԱ հիմնարար գիտական գրադարան
ՀՀ,Երևան 0019
Մարշալ Բաղրամյան 24/6
հեռախոս:(374-10) 52-47-50
Հետադարձ կապ

All site content, except where otherwise noted, is licensed under a
Creative Commons License